Countries with kudus - Statistics

General Stats
  • This quiz has been taken 21 times
  • The average score is 19 of 21
Answer Stats
Answer % Correct
Angola
95%
Democratic Republic of Congo
95%
Eritrea
95%
Ethiopia
95%
Kenya
95%
Mozambique
95%
Namibia
95%
Somalia
95%
South Africa
95%
South Sudan
95%
Sudan
95%
Tanzania
95%
Botswana
89%
Central African Republic
89%
Malawi
89%
Swaziland
89%
Djibouti
84%
Uganda
84%
Zambia
84%
Zimbabwe
84%
Chad
79%
No matching quizzes found
Score Distribution
Percent of People with Each Score
Percentile by Number Answered
Your Score History
You have not taken this quiz